5HLuxD.jpg

KING HENRY VIII SENIOR AND PRIMARY SCHOOL LIBRARY OPAC

Kipper story collection : (Record no. 2406)

000 -LEADER
fixed length control field 00754cam a2200241 a 4500
001 - CONTROL NUMBER
control field 8231
003 - CONTROL NUMBER IDENTIFIER
control field OSt
005 - DATE AND TIME OF LATEST TRANSACTION
control field 20230508112742.0
008 - FIXED-LENGTH DATA ELEMENTS--GENERAL INFORMATION
fixed length control field 161209s2015 enka b 000 1 eng
020 ## - INTERNATIONAL STANDARD BOOK NUMBER
International Standard Book Number 9780340746769 :
Qualifying information (pbk.)
040 ## - CATALOGING SOURCE
Original cataloging agency TWNTU
Language of cataloging eng
Modifying agency KH8
Transcribing agency TWNTU
041 0# - LANGUAGE CODE
Language code of text/sound track or separate title eng
042 ## - AUTHENTICATION CODE
Authentication code nbic
082 04 - DEWEY DECIMAL CLASSIFICATION NUMBER
Classification number 813.54 INK
Edition number 23
099 ## - LOCAL FREE-TEXT CALL NUMBER (OCLC)
Classification number 836E
100 1# - MAIN ENTRY--PERSONAL NAME
Personal name Inkpen, Mick.
Relator term Author
245 10 - TITLE STATEMENT
Title Kipper story collection :
Remainder of title Kipper, Kipper's toybox, Kipper's birthday, Kipper's snowy day /
Statement of responsibility, etc. [Mick Inkpen]
260 ## - PUBLICATION, DISTRIBUTION, ETC.
Place of publication, distribution, etc. London :
Name of publisher, distributor, etc. Hodder Children's Books,
Date of publication, distribution, etc. 2015.
300 ## - PHYSICAL DESCRIPTION
Extent 1 v. (unpaged) :
Other physical details col. ill. ;
Dimensions 24 cm.
500 ## - GENERAL NOTE
General note Pictorial works
650 #0 - SUBJECT ADDED ENTRY--TOPICAL TERM
Topical term or geographic name entry element Kipper (Fictitious character)
Form subdivision Pictorial works
-- Juvenile fiction.
942 ## - ADDED ENTRY ELEMENTS (KOHA)
Source of classification or shelving scheme
Koha item type Books - Fiction
Holdings
Withdrawn status Lost status Source of classification or shelving scheme Damaged status Not for loan Collection code Permanent Location Current Location Shelving location Date acquired Total Checkouts Total Renewals Full call number Barcode Date due Date last seen Date last checked out Price effective from Koha item type
          Fiction KH8 Primary School Library KH8 Primary School Library Non Fiction 2023-05-08 1 1 813.54 INK KHPL000004155 2025-02-11 2023-09-19 2023-09-19 2023-05-08 Books - Fiction

Powered By KH8 IT Dept